Spectroscopic study of photoinduced processes disertation thesis

Enregistré dans:
Détails bibliographiques
Auteur principal: Barbieriková, Zuzana
Format: Livre
Langue:anglais
Publié: Bratislava STU FCHPT 2013
Accès en ligne:Voir à l'OPAC
Tags: Ajouter un tag
Pas de tags, Soyez le premier à ajouter un tag!

MARC

LEADER 00000nam a2200000 a 4500
005 20260127133945.0
008 150213 2013 000 0 eng d
035 |a vtls010654248 
039 9 |y 201502130908  |z mschk03 
040 |a STUSCHK1  |b slo  |c STUSCHK1  |e AACR2 
100 1 |a Barbieriková, Zuzana 
245 1 |a Spectroscopic study of photoinduced processes  |b disertation thesis  |c Zuzana Barbieriková 
260 |a Bratislava  |b STU FCHPT  |c 2013 
300 |a 45 s.  |b il.  |c 30 cm 
500 |a Study programme and study field: chemical physics 
500 |a Training workplace: Department of chemical physics 
910 |a SCHK95 
999 |c 870  |d 870